<?xml version="1.0" encoding="UTF-8"?>
<record
    xmlns:xsi="http://www.w3.org/2001/XMLSchema-instance"
    xsi:schemaLocation="http://www.loc.gov/MARC21/slim http://www.loc.gov/standards/marcxml/schema/MARC21slim.xsd"
    xmlns="http://www.loc.gov/MARC21/slim">

  <leader>01532nam0a22003611  4500</leader>
  <controlfield tag="001">RU\NLR\A1SV\130702</controlfield>
  <controlfield tag="005">20260406094713.0</controlfield>
  <datafield tag="035" ind1=" " ind2=" ">
    <subfield code="a">(NLR Aleph) 010521467</subfield>
  </datafield>
  <datafield tag="090" ind1=" " ind2=" ">
    <subfield code="a">10215677</subfield>
    <subfield code="c">10215677</subfield>
  </datafield>
  <datafield tag="100" ind1=" " ind2=" ">
    <subfield code="a">20080402d1920    u  y0rusy50      ca</subfield>
  </datafield>
  <datafield tag="101" ind1="1" ind2=" ">
    <subfield code="a">rus</subfield>
    <subfield code="c">fre</subfield>
  </datafield>
  <datafield tag="102" ind1=" " ind2=" ">
    <subfield code="a">RU</subfield>
  </datafield>
  <datafield tag="200" ind1="1" ind2=" ">
    <subfield code="a">&#x421;&#x43A;&#x430;&#x437;&#x43A;&#x430; &#x43E; &#x441;&#x43E;&#x440;&#x43E;&#x447;&#x43A;&#x435;</subfield>
    <subfield code="f">&#x410;&#x43D;&#x430;&#x442;&#x43E;&#x43B;&#x44C; &#x424;&#x440;&#x430;&#x43D;&#x441;. Anatole France, &#x440;&#x43E;&#x434;. 1844</subfield>
    <subfield code="g">&#x41F;&#x435;&#x440;. &#x417;.&#x416;&#x443;&#x440;&#x430;&#x432;&#x441;&#x43A;&#x43E;&#x439;</subfield>
    <subfield code="g">&#x41F;&#x43E;&#x434; &#x440;&#x435;&#x434;. &#x438; &#x441; &#x43F;&#x440;&#x435;&#x434;&#x438;&#x441;&#x43B;. &#x417;.&#x412;&#x435;&#x43D;&#x433;&#x435;&#x440;&#x43E;&#x432;&#x43E;&#x439;</subfield>
  </datafield>
  <datafield tag="210" ind1=" " ind2=" ">
    <subfield code="a">&#x41F;&#x431;.</subfield>
    <subfield code="c">&#x412;&#x441;&#x435;&#x43C;&#x438;&#x440;. &#x43B;&#x438;&#x442;. &#x43F;&#x440;&#x438; &#x413;&#x43E;&#x441;. &#x438;&#x437;&#x434;-&#x432;&#x435;</subfield>
    <subfield code="d">1920</subfield>
  </datafield>
  <datafield tag="215" ind1=" " ind2=" ">
    <subfield code="a">105, [2] &#x441;.</subfield>
    <subfield code="d">16 &#x441;&#x43C;</subfield>
  </datafield>
  <datafield tag="225" ind1=" " ind2=" ">
    <subfield code="a">&#x412;&#x441;&#x435;&#x43C;&#x438;&#x440;. &#x43B;&#x438;&#x442;.</subfield>
    <subfield code="e">[&#x424;&#x440;&#x430;&#x43D;&#x446;&#x438;&#x44F;]</subfield>
    <subfield code="v">&#x412;&#x44B;&#x43F;. &#x2116; 39</subfield>
  </datafield>
  <datafield tag="320" ind1=" " ind2=" ">
    <subfield code="a">&#x411;&#x438;&#x431;&#x43B;&#x438;&#x43E;&#x433;&#x440;.: &#x441;.[1]</subfield>
  </datafield>
  <datafield tag="451" ind1=" " ind2="1">
    <subfield code="1">001RU\NLR\A1SV\130703</subfield>
  </datafield>
  <datafield tag="451" ind1=" " ind2="1">
    <subfield code="1">001RU\NLR\A1SV\130704</subfield>
    <subfield code="9">10215686</subfield>
    <subfield code="a">&#x424;&#x440;&#x430;&#x43D;&#x441;, &#x410;. (1844-1924)</subfield>
    <subfield code="c">[&#x41C;.]</subfield>
    <subfield code="d">[1925]</subfield>
    <subfield code="f">&#x410;&#x43D;&#x430;&#x442;&#x43E;&#x43B;&#x44C; &#x424;&#x440;&#x430;&#x43D;&#x441;</subfield>
    <subfield code="n">&#x422;&#x438;&#x43F;&#x43E;&#x43B;&#x438;&#x442;. "&#x41F;&#x435;&#x447;&#x430;&#x442;&#x43D;&#x438;&#x43A;" &#x438;&#x437;&#x434;. &#x413;&#x418;&#x416;</subfield>
    <subfield code="p">106 &#x441;.</subfield>
    <subfield code="t">&#x421;&#x43A;&#x430;&#x437;&#x43A;&#x430; &#x43E; &#x441;&#x43E;&#x440;&#x43E;&#x447;&#x43A;&#x435;</subfield>
  </datafield>
  <datafield tag="620" ind1=" " ind2=" ">
    <subfield code="d">&#x421;&#x430;&#x43D;&#x43A;&#x442;-&#x41F;&#x435;&#x442;&#x435;&#x440;&#x431;&#x443;&#x440;&#x433;</subfield>
  </datafield>
  <datafield tag="700" ind1=" " ind2="1">
    <subfield code="a">&#x424;&#x440;&#x430;&#x43D;&#x441;</subfield>
    <subfield code="b">&#x410;.</subfield>
    <subfield code="f">1844-1924</subfield>
    <subfield code="g">&#x410;&#x43D;&#x430;&#x442;&#x43E;&#x43B;&#x44C;</subfield>
  </datafield>
  <datafield tag="702" ind1=" " ind2="1">
    <subfield code="8">rus</subfield>
    <subfield code="7">ca</subfield>
    <subfield code="a">&#x412;&#x435;&#x43D;&#x433;&#x435;&#x440;&#x43E;&#x432;&#x430;</subfield>
    <subfield code="b">&#x417;. &#x410;.</subfield>
    <subfield code="f">1867-1941</subfield>
    <subfield code="g">&#x417;&#x438;&#x43D;&#x430;&#x438;&#x434;&#x430; &#x410;&#x444;&#x430;&#x43D;&#x430;&#x441;&#x44C;&#x435;&#x432;&#x43D;&#x430;</subfield>
    <subfield code="3">RU\NLR\AUTH\7769746</subfield>
    <subfield code="9">52674</subfield>
  </datafield>
  <datafield tag="702" ind1=" " ind2="1">
    <subfield code="a">&#x416;&#x443;&#x440;&#x430;&#x432;&#x441;&#x43A;&#x430;&#x44F;</subfield>
    <subfield code="b">&#x417;.&#x41D;.</subfield>
    <subfield code="f">1867-1937</subfield>
    <subfield code="g">&#x417;&#x438;&#x43D;&#x430;&#x438;&#x434;&#x430; &#x41D;&#x438;&#x43A;&#x43E;&#x43B;&#x430;&#x435;&#x432;&#x43D;&#x430;</subfield>
  </datafield>
  <datafield tag="801" ind1=" " ind2="0">
    <subfield code="a">RU</subfield>
    <subfield code="b">NLR</subfield>
    <subfield code="c">20080402</subfield>
  </datafield>
  <datafield tag="899" ind1=" " ind2=" ">
    <subfield code="a">&#x420;&#x41D;&#x411;</subfield>
    <subfield code="j">92/3575</subfield>
  </datafield>
  <datafield tag="899" ind1=" " ind2=" ">
    <subfield code="a">&#x421;&#x430;&#x43C;&#x41E;&#x423;&#x41D;&#x411;</subfield>
  </datafield>
  <datafield tag="899" ind1=" " ind2=" ">
    <subfield code="a">&#x420;&#x413;&#x411;</subfield>
  </datafield>
  <datafield tag="899" ind1=" " ind2=" ">
    <subfield code="a">&#x41E;&#x440;&#x435;&#x43D;&#x431;&#x443;&#x440;&#x433;&#x41E;&#x423;&#x41D;&#x411;</subfield>
  </datafield>
  <datafield tag="942" ind1=" " ind2=" ">
    <subfield code="c">BOOK</subfield>
  </datafield>
  <datafield tag="980" ind1=" " ind2=" ">
    <subfield code="a">NB</subfield>
  </datafield>
  <datafield tag="980" ind1=" " ind2=" ">
    <subfield code="a">A1SV</subfield>
  </datafield>
  <datafield tag="980" ind1=" " ind2=" ">
    <subfield code="a">A1SV</subfield>
  </datafield>
</record>
